Further Fiscal Integration in Euro Area

Zhodnotenie literatúry o fiškálnej integrácii a zhodnotenie možnej formy prehĺbenia fiškálnej integrácie v EÚ.

Saved in:
Bibliographic Details
Main Author: Burian, Lukáš
Format: Book Chapter
Language:English
Subjects:
Tags: Add Tag
No Tags, Be the first to tag this record!

MARC

LEADER 00000naa$a2200000$$$4500
001 0263513
005 20240712112353.6
041 0 |a eng 
044 |a SK 
245 1 0 |a Further Fiscal Integration in Euro Area  |c Lukáš Burian 
520 |a Zhodnotenie literatúry o fiškálnej integrácii a zhodnotenie možnej formy prehĺbenia fiškálnej integrácie v EÚ. 
610 2 0 |a eurozóna 
610 2 0 |a oblasti menové 
610 2 0 |a integrácia 
610 2 0 |a banky centrálne 
100 1 |a Burian, Lukáš